000 00339nam a2200145 i 4500
001 bg
100 1 _aEADIE, Donald.
245 0 _aNowoczesne maszyny i systemy cyfrowe /
_cDonald Eadie.
260 _aWarszawa,
_c1975.
040 _cBPK
041 _apol
080 _a681.32
942 _cKS
008 s pl f |000 0 pol
999 _c15955
_d15955
856 _uhttp://koha.tu.koszalin.pl/cgi-bin/koha/opac-detail.pl?biblionumber=15955
_yKatalog online BPK